000 00871nam a2200241Ia 4500
003 OSt
005 20220923223951.0
006 a|||||r|||| 00| 0
007 ta
008 220922b |||||||| |||| 00| 0 hin d
024 _a223,701
037 _cTextual
040 _aARTS
_cARTS
_bhin
041 _2hin
_ahin
082 _aO152,1NNAR,1, K5;M9
100 _aकुॅंवर नारायण
245 0 _aआत्मजयी
_b नचिकेता के प्रसंग पर आधारिाता
246 _aĀtmajayī: nachiketā ke prasanga par ādhāriātā
260 _aनई दिल्ली
_b भारतीय ज्ञानपीठ प्रकाशन
_c1989
300 _a118पृ.
_ccm.
942 _hO152,1NNAR,1, K5;M9
_cTEXL
_2CC
999 _c368467
_d368467